| 000 | 00849nam a2200217 a 4500 | ||
|---|---|---|---|
| 003 | 0 | ||
| 005 | 20250426105511.0 | ||
| 008 | 970114s19uu xx 00 eng d | ||
| 050 |
_aPGS PN 6727.W53 _b.D352 2003 |
||
| 100 | _aDelgado, Rachelle. | ||
| 245 |
_aPerceptions of selected grade six Southville International School students on reading "Witch". / _cRachelle Delgado. |
||
| 260 |
_aLas PiƱas City, Philippines : _bSouthville International School and Colleges, _c2003. |
||
| 300 |
_a27 pages : _billustrations ; _c28 cm. |
||
| 504 | _aIncludes bibliographical references. | ||
| 650 | _aW.I.T.C.H. (Comic strip). | ||
| 650 |
_aChildren _vBooks and reading. |
||
| 650 |
_aReading _vPsychological aspects. |
||
| 650 |
_aGraphic novels _vAppreciation. |
||
| 650 |
_aFantasy comic books, strips, etc. _vJuvenile literature. |
||
| 942 |
_2lcc _cPASS |
||
| 999 |
_c96854 _d96854 |
||